000 00562nam a2200145 i 4500
001 162252
003 ES-MaACL
005 20230906212449.0
008 160422s1916 sp |||| | spa d
110 0 _aCompañia de los Caminos de Hierro del Norte de España.
_93117
245 1 3 _aLa Compañía del Norte y su personal :
_bdatos y cifras que es preciso conocer para juzgar con acierto del problema ferroviario.
260 _aMadrid :
_b[s.n.],
_c1916 (
_fImp. Central de los Ferrocarriles)
300 _a71 p. :
_bgraf. ;
_c20 cm.
852 _aES-MaACL
_j1529-F-1
999 _c162252
_d162252